NFL Offensive Starters 2025 - Statistics

General Stats
  • This quiz has been taken 1,835 times
  • The average score is 101 of 128
Answer Stats
Team Position Player % Correct
49ers QB Brock Purdy
99%
Bills QB Josh Allen
98%
Bears QB Caleb Williams
97%
Bengals QB Joe Burrow
97%
Eagles WR A.J. Brown
96%
Lions WR Amon-Ra St. Brown
96%
Broncos QB Bo Nix
96%
49ers RB Christian McCaffrey
96%
Bengals WR Ja'Marr Chase
96%
Lions WR Jameson Williams
96%
Cowboys RB Javonte Williams
96%
Rams RB Kyren Williams
96%
Buccaneers QB Baker Mayfield
95%
Bengals RB Chase Brown
95%
Chargers QB Justin Herbert
95%
Chiefs WR Marquise "Hollywood" Brown
95%
Chiefs QB Patrick Mahomes
95%
Cowboys QB Dak Prescott
94%
Colts QB Daniel Jones
94%
Eagles WR Devonta Smith
94%
Eagles QB Jalen Hurts
94%
Commanders QB Jayden Daniels
94%
Dolphins QB Tua Tagovailoa
94%
Cardinals WR Zay Jones/Michael Wilson
94%
Raiders QB Geno Smith
93%
Cardinals QB Kyler Murray
93%
Giants QB Russell Wilson
93%
Vikings RB Aaron Jones
92%
Jets WR Garrett Wilson
92%
Bills RB James Cook
92%
Eagles RB Saquon Barkley
92%
Jaguars QB Trevor Lawrence
92%
Cowboys WR CeeDee Lamb
91%
Browns QB Joe Flacco
91%
Packers QB Jordan Love
91%
Bengals WR Tee Higgins
91%
Dolphins WR Tyreek Hill
91%
Panthers QB Bryce Young
90%
Lions QB Jared Goff
90%
Colts RB Jonathan Taylor
90%
Ravens QB Lamar Jackson
90%
Falcons QB Michael Penix Jr.
90%
Buccaneers WR Mike Evans
90%
Steelers QB Aaron Rodgers
89%
Falcons RB Bijan Robinson
89%
Patriots QB Drake Maye
89%
Jets QB Justin Fields
89%
Rams QB Matthew Stafford
89%
Texans WR Jayden Higgins
88%
Giants WR Wan'Dale Robinson
88%
Dolphins RB De'Von Achane
87%
Texans QB C.J. Stroud
86%
Broncos WR Courtland Sutton
86%
Ravens RB Derek Henry
86%
Bears WR DJ Moore
86%
Cowboys WR George Pickens
86%
Lions RB Jahmyr Gibbs
86%
Dolphins WR Jaylen Waddle
86%
Seahawks QB Sam Darnold
86%
Bears RB D'Andre Swift
85%
Rams WR Puka Nacua
85%
Titans QB Cam Ward
84%
Falcons WR Drake London
84%
Buccaneers RB Bucky Irving
83%
Chiefs RB Isiah Pacheco
83%
Vikings WR Justin Jefferson
83%
Giants WR Malik Nabers
83%
Vikings QB J.J. McCarthy
82%
Packers RB Josh Jacobs
82%
Cardinals WR Marvin Harrison Jr.
82%
Colts WR Michael Pittman Jr.
82%
Ravens WR Zay Flowers
82%
Jets RB Breece Hall
80%
Steelers WR DK Metcalf
80%
Bears WR Rome Odunze
80%
Patriots WR Stefon Diggs
80%
Commanders WR Terry McLaurin
80%
Rams WR Davantae Adams
79%
Saints RB Alvin Kamara
78%
Cardinals RB James Conner
78%
Saints QB Spencer Rattler
78%
Jaguars RB Travis Etienne Jr.
78%
Seahawks WR Jaxon Smith-Njigba
77%
Browns WR Jerry Jeudy
77%
Bills WR Keon Coleman
77%
Raiders RB Ashton Jeanty
76%
Jaguars WR Brian Thomas Jr.
76%
Panthers RB Chubba Hubbard
75%
Commanders WR Deebo Samuel
75%
Buccaneers WR Emeka Egbuka
75%
Chargers WR Ladd McConkey
75%
Bills WR Josh Palmer/Khalil Shakir
74%
Seahawks RB Kenneth Walker III
74%
Texans WR Nico Collins
74%
Saints WR Chris Olave
73%
49ers WR Jauan Jennings
73%
Texans RB Nick Chubb
73%
Patriots RB Rhamondre Stevenson
73%
Chiefs WR Xavier Worthy
72%
Chargers RB Omarion Hampton
71%
49ers WR Ricky Pearsall
71%
Ravens WR DeAndre Hopkins/Rashod Bateman
70%
Broncos RB J.K. Dobbins
69%
Seahawks WR Cooper Kupp
68%
Titans RB Tony Pollard
67%
Packers WR Romeo Doubs
66%
Giants RB Tyrone Tracy Jr.
66%
Chargers WR Quentin Johnston
65%
Colts WR Alec Pierce
64%
Broncos WR Marvin Mims Jr./Troy Franklin
64%
Panthers WR Tetairoa McMillan
64%
Steelers RB Jaylen Warren
61%
Raiders WR Jakobi Meyers
60%
Titans WR Calvin Ridley
57%
Saints WR Rashid Shaheed/Brandin Cooks
57%
Jaguars WR Travis Hunter
56%
Patriots WR DeMario Douglas/Kayshon Boutte
55%
Packers WR Jayden Reed
55%
Panthers WR Xavier Legette
49%
Steelers WR Calvin Austin III
46%
Commanders RB Jacory Croskey-Merritt
45%
Raiders WR Tre Tucker
43%
Titans WR Tyler Lockett/Elic Ayomanor
42%
Browns RB Dylan Sampson
40%
Browns WR Cedric Tillman
36%
Vikings WR Jalen Nailor
30%
Falcons WR Ray-Ray McCloud III
22%
Jets WR Josh Reynolds
10%
No matching quizzes found
Score Distribution
Percent of People with Each Score
Percentile by Number Answered
Your Score History
You have not taken this quiz